Premier League Player of the Season - Statistics

General Stats
  • This quiz has been taken 290 times
    42 since last reset
  • The average score is 27 of 31
Answer Stats
Season Club Nationality Player % Correct
2015-16 Leicester City ENG Jamie Vardy
100%
2013-14 Liverpool URU Luis Suárez
100%
2003-04 Arsenal FRA Thierry Henry
100%
2005-06 Arsenal FRA Thierry Henry
100%
2006-07 Manchester United POR Cristiano Ronaldo
98%
2007-08 Manchester United POR Cristiano Ronaldo
98%
2022-23 Manchester City NOR Erling Haaland
98%
2012-13 Tottenham Hotspur WAL Gareth Bale
98%
2017-18 Liverpool EGY Mohamed Salah
98%
2024-25 Liverpool EGY Mohamed Salah
98%
2009-10 Manchester United ENG Wayne Rooney
98%
2019-20 Manchester City BEL Kevin De Bruyne
95%
2021-22 Manchester City BEL Kevin De Bruyne
95%
2008-09 Manchester United SRB Nemanja Vidić
95%
2010-11 Manchester United SRB Nemanja Vidić
95%
2023-24 Manchester City ENG Phil Foden
95%
2018-19 Liverpool NED Virgil van Dijk
95%
2004-05 Chelsea ENG Frank Lampard
93%
2014-15 Chelsea BEL Eden Hazard
90%
2002-03 Manchester United NED Ruud van Nistelrooy
90%
1994-95 Blackburn Rovers ENG Alan Shearer
88%
2011-12 Manchester City BEL Vincent Kompany
88%
1995-96 Manchester United DEN Peter Schmeichel
85%
2016-17 Chelsea FRA N'Golo Kanté
83%
2020-21 Manchester City POR Rúben Dias
80%
1997-98 Liverpool ENG Michael Owen
78%
1998-99 Manchester United TTO Dwight Yorke
76%
2000-01 Arsenal FRA Patrick Vieira
66%
2001-02 Arsenal SWE Freddie Ljungberg
56%
1996-97 Middlesbrough BRA Juninho
46%
1999-00 Sunderland ENG Kevin Phillips
46%
No matching quizzes found
Score Distribution
Percent of People with Each Score
Percentile by Number Answered
Your Score History
You have not taken this quiz since the last reset